000 00964nam a2200217 i 4500
001 76722
003 ES-MaACL
005 20250831071241.0
007 t|
008 041005s1904 sp ||||1| spa d
110 2 _aMadrid-Alcalá (Diócesis).
_bObispo (1901-1905: Victoriano Guisasola y Menéndez)
_9157834
245 1 3 _aEl magisterio de la Iglesia :
_bcarta pastoral del Excmo. y Rvmo. Sr. Dr. D. Victoriano Guisasola y Menéndez, Obispo de Madrid-Alcalá al clero y fieles de su diócesis con motivo de la Santa Cuaresma de 1904.
260 _aMadrid :
_bAsilo de Huérfanos,
_c1904.
300 _a61 p. ;
_c24 cm.
530 _aDisponible en formato digital.
610 2 7 _aIglesia Católica-
_xMagisterio
_2
_9157841
700 1 _aGuisasola y Menéndez, Victoriano,
_d1852-1920
_960900
852 _aES-MaACL
_jT-1026-F-4
856 _uhttp://bdh-rd.bne.es/viewer.vm?id=0000132907&page=1
_zBiblioteca Digital Hispánica
999 _c76722
_d76722